000 00204 a2200109 4500
020 _a9781894379069
041 _aeng
100 _aMarilyn Baillie
245 _aNo se to toes
942 _cBK
952 _71
999 _c18825
_d18825